000 01199nam a2200265Ia 4500
003 Ost
005 20260507075241.0
008 260507s9999||||xx |||||||||||||| ||und||
020 _a408299579
040 _cfsecg
041 _aara
082 _a330
100 _aموسى، عامر عبد الله
_eمؤلف
245 0 _aالمحاسبة الادارية /
_c عامر عبد الله موسى
260 _aعمان:
_bدار البداية,
_c2010
300 _a210 صفحة؛
_bإيضاحات ؛
_c24 سم
504 _aمراجع ص.205
520 _aالمحاسبة الادارية : المفاهيم و الاهداف ، تصنيفات التكاليف و تقديرها، التكاليف و الايرادات الملائمة لاتخاذ القرارات الادارية ، الموازنات الرأسمالية ، الموازنات التخطيطية و أنظمة الرقابة ، محاسبة المسؤولية .
653 _aإدارة الاعمال
653 _aالمحاسبة
653 _aالمحاسبة الادارية
653 _aالمحاسبة المالية
700 _aالحدرب، زهير
_eمؤلف ثانوي
942 _cكتاب
999 _c43621
_d43621